| Tag |
First Indicator |
Second Indicator |
Subfields |
| LEADER |
00000cam a2200000 a 4500 |
| 001 |
in00000901321 |
| 005 |
20150923191709.0 |
| 008 |
890328s1989 enka b 00000 eng |
| 010 |
|
|
|a 89032577
|
| 020 |
|
|
|a 1850004552 (pbk.)
|
| 020 |
|
|
|a 1850004544 (hard)
|
| 035 |
|
|
|a (OCoLC)19589493
|
| 035 |
|
|
|9 AEN0264AM
|
| 040 |
|
|
|a DLC
|c DLC
|d TXA
|d UtOrBLW
|
| 043 |
|
|
|a e-uk---
|
| 049 |
|
|
|a TXAM
|c [A13138055]
|
| 050 |
0 |
0 |
|a LB1028.46
|b .C67 1989
|
| 082 |
0 |
0 |
|2 372.13/34/0941
|2 20
|
| 245 |
0 |
0 |
|a Computers and the primary curriculum, 3-13 /
|c edited by Rob Crompton.
|
| 264 |
|
1 |
|a London ;
|a New York :
|b Falmer Press,
|c 1989.
|
| 300 |
|
|
|a vii, 220 pages :
|b illustrations (some color) ;
|c 25 cm.
|
| 336 |
|
|
|a text
|b txt
|2 rdacontent
|
| 337 |
|
|
|a unmediated
|b n
|2 rdamedia
|
| 338 |
|
|
|a volume
|b nc
|2 rdacarrier
|
| 504 |
|
|
|a Includes bibliographical references.
|
| 650 |
|
0 |
|a Computer-assisted instruction
|z Great Britain.
|
| 650 |
|
0 |
|a Education, Elementary
|z Great Britain
|x Data processing.
|
| 700 |
1 |
|
|a Crompton, Rob.
|
| 999 |
|
|
|a MARS
|
| 999 |
f |
f |
|s 5a036fa4-9f83-3a0c-9751-e3bce01f1c8f
|i 8e7e3fa8-8453-3d3a-aefc-c9b4f1942770
|t 0
|
| 952 |
f |
f |
|p ric
|a Texas A&M University
|b Rellis Campus
|c Joint Library Facility
|d Remote Storage
|t 0
|e LB1028.46 .C67 1989
|h Library of Congress classification
|i unmediated -- volume
|m A14813138055
|
| 998 |
f |
f |
|a LB1028.46 .C67 1989
|t 0
|l Remote Storage
|